000 00303nam a2200121Ia 4500
008 190216s9999||||xx |||||||||||||| ||und||
100 _aSatya P Das
245 0 _aIntroductory Macro Economics
260 _bNational Council Of Educational Research
300 _a170
650 _aEconomics
942 _cBK
999 _c10833
_d10833